| 000 | 00580nam a22002057a 4500 | ||
|---|---|---|---|
| 005 | 20221213164834.0 | ||
| 008 | 221213b ||||| |||| 00| 0 eng d | ||
| 040 | _cAL | ||
| 041 | _aEnglish | ||
| 082 |
_223 _a355.03305 _bINST |
||
| 100 |
_aIDSA _965813 |
||
| 245 | _aFifth Asian Security Conference ASC 2003 | ||
| 260 |
_aNew Delhi _bIdsa _c2003 |
||
| 300 |
_bPB _c29x21 cm. |
||
| 650 |
_aConference _965814 |
||
| 650 |
_aDifferent Perspectives _965815 |
||
| 650 |
_aAsian Security _965816 |
||
| 700 |
_aINSTITUTE FOR DEFENCE STUDIES AND ANALYSES _965817 |
||
| 942 |
_2ddc _cGF |
||
| 999 |
_c225679 _d225679 |
||